[Event "56th World U20 ch"]
[Site "Tarvisio ITA"]
[Date "2017.11.19"]
[Round "6.40"]
[White "Hiebert, Kenji"]
[Black "Tin Jingyao"]
[Result "0-1"]
[WhiteElo "2017"]
[BlackElo "2404"]
[EventDate "2017.11.13"]
[PlyCount "52"]

1.Nf3 d5 2.d4 Nf6 3.c4 c6 4.Nc3 dxc4 5.a4 Bf5 6.e3 e6 7.Bxc4 Bb4 8.O-O 
Nbd7 9.Qe2 Bg6 10.Rd1 O-O 11.Bd3 Bh5 12.h3 Qe7 13.g4 Bg6 14.e4 Ne8 15.Be3 
Nc7 16.Na2 Bd6 17.e5 Bb4 18.Bxg6 fxg6 19.Kg2 Nd5 20.Nxb4 Qxb4 21.Ng5 Rae8 
22.Ne4 Nxe5 23.Ng5 Nf7 24.Nf3 e5 25.dxe5 Nxe5 26.Nd4 Nc4 0-1

[Event "56th World U20 ch"]
[Site "Tarvisio ITA"]
[Date "2017.11.19"]
[Round "6.41"]
[White "Wang Tongsen"]
[Black "Abdulla, Murad"]
[Result "1-0"]
[WhiteElo "2396"]
[BlackElo "2316"]
[EventDate "2017.11.13"]
[PlyCount "87"]

1.e4 c5 2.Nf3 d6 3.d4 cxd4 4.Nxd4 Nf6 5.Nc3 g6 6.Be3 Bg7 7.f3 Nc6 8.Qd2 
O-O 9.O-O-O d5 10.Kb1 Nxd4 11.e5 Nf5 12.exf6 exf6 13.Nxd5 Nxe3 14.Qxe3 Be6
15.Bc4 f5 16.c3 Bxd5 17.Rxd5 Qc7 18.Bb3 Rfe8 19.Qf2 a6 20.g4 fxg4 21.fxg4 
Qe7 22.Rhd1 Qe4+ 23.Ka1 Re7 24.g5 Rae8 25.a3 Qe3 26.Qc2 Be5 27.Qg2 Qb6 28.
Ba4 Rc8 29.Qh3 Rf8 30.Qh4 Bg7 31.Qg4 Qf2 32.R5d2 Qc5 33.Ka2 Qe3 34.Bb3 b5 
35.Bd5 a5 36.h4 Rb8 37.Rd3 Qb6 38.Bb3 Rbe8 39.Rf1 b4 40.Rxf7 Rxf7 41.Bxf7+
Kxf7 42.Qd7+ Re7 43.Rf3+ Kg8 44.Qc8+ 1-0

[Event "56th World U20 ch"]
[Site "Tarvisio ITA"]
[Date "2017.11.19"]
[Round "6.42"]
[White "Percivaldi, Martin"]
[Black "Urbanc, Peter"]
[Result "1-0"]
[WhiteElo "2388"]
[BlackElo "2290"]
[EventDate "2017.11.13"]
[PlyCount "65"]

1.d4 f5 2.c4 Nf6 3.Nf3 e6 4.Nc3 Be7 5.Bf4 O-O 6.h3 Ne4 7.e3 Nxc3 8.bxc3 d6
9.Bd3 Nd7 10.Qc2 b6 11.e4 Bb7 12.exf5 Bxf3 13.gxf3 e5 14.Be3 exd4 15.cxd4 
Bf6 16.Be4 Rb8 17.Bc6 Qe7 18.Kf1 Rbd8 19.Re1 Kh8 20.h4 Nb8 21.Bd5 c6 22.
Be6 d5 23.cxd5 cxd5 24.h5 h6 25.Rg1 Qb4 26.Rg4 Na6 27.Rc1 b5 28.Kg2 Qa5 
29.Rg6 Qb4 30.Qd1 Qa5 31.Rc2 Nb4 32.Qd2 Qa4 33.Bxh6 1-0

[Event "56th World U20 ch"]
[Site "Tarvisio ITA"]
[Date "2017.11.19"]
[Round "6.43"]
[White "Makhnev, Denis"]
[Black "Micottis, Dorian"]
[Result "0-1"]
[WhiteElo "2379"]
[BlackElo "2273"]
[EventDate "2017.11.13"]
[PlyCount "96"]

1.d4 Nf6 2.Nf3 g6 3.c4 Bg7 4.g3 O-O 5.Bg2 d5 6.cxd5 Nxd5 7.O-O Nb6 8.Nc3 
Nc6 9.e3 Re8 10.b3 e5 11.dxe5 Nxe5 12.Nxe5 Bxe5 13.Bb2 Qxd1 14.Raxd1 c6 
15.e4 f5 16.Rfe1 Bg7 17.Ba1 Be6 18.h3 a5 19.exf5 Bxf5 20.g4 Bc2 21.Rc1 Bd3
22.Bf3 Kf7 23.Kg2 Rxe1 24.Rxe1 Rd8 25.h4 Bc2 26.Bb2 Rd3 27.Re2 Bxc3 28.
Rxc2 Bxb2 29.Rxb2 Nd5 30.Rc2 Nf4+ 31.Kg3 Ne6 32.Re2 Rxf3+ 33.Kxf3 Nd4+ 34.
Ke3 Nxe2 35.Kxe2 Ke6 36.Ke3 Ke5 37.a3 h6 38.f4+ Kd5 39.Kd3 b6 40.h5 gxh5 
41.gxh5 b5 42.Ke3 a4 43.bxa4 bxa4 44.Kd3 c5 45.Kc3 Ke4 46.Kc4 Kxf4 47.Kb5 
c4 48.Kb4 c3 0-1

[Event "56th World U20 ch"]
[Site "Tarvisio ITA"]
[Date "2017.11.19"]
[Round "6.44"]
[White "Zhao Yuanhe"]
[Black "Signorelli, Gaetano"]
[Result "1-0"]
[WhiteElo "2377"]
[BlackElo "2193"]
[EventDate "2017.11.13"]
[PlyCount "139"]

1.d4 d5 2.c4 Nc6 3.Nc3 Nf6 4.cxd5 Nxd5 5.Nf3 e5 6.dxe5 Bb4 7.Bd2 Nxc3 8.
bxc3 Ba5 9.g3 Qe7 10.Bg2 O-O 11.Qa4 Qc5 12.O-O Nxe5 13.Be3 Nxf3+ 14.Bxf3 
Qxc3 15.Rac1 Qb4 16.Qxb4 Bxb4 17.Rxc7 Bd6 18.Rcc1 Be6 19.a4 a5 20.Bxb7 
Rab8 21.Bc6 Rb2 22.Bb5 Rb8 23.Ba7 R8xb5 24.axb5 Rxb5 25.Rfd1 Be7 26.Rc7 
Bf6 27.Bd4 Bxd4 28.Rxd4 g6 29.f3 Bb3 30.Ra7 a4 31.Kf2 Rc5 32.Re4 Kg7 33.g4
h5 34.gxh5 Rxh5 35.h4 Rc5 36.Kg3 Rc1 37.Ra5 Rg1+ 38.Kf2 Rh1 39.Kg2 Rc1 40.
Re3 Re1 41.Re8 Ra1 42.Kf2 Rh1 43.Re4 Rc1 44.Rd4 Rc3 45.Rd3 Rc4 $11 46.h5 
gxh5 47.Rxh5 Rc6 48.Ra5 Kf6 49.e4 Rc2+ 50.Kg3 Rc1 51.Kf4 Rh1 52.Ra6+ Ke7 
53.Rc3 Rh5 54.Ke3 Rh3 55.Kd4 Rh4 56.Rc7+ Kf8 57.Ke5 Rh5+ 58.Kf4 Rh1 59.Kg5
Rg1+ 60.Kf5 Rh1 61.f4 Bd1 62.Ke5 Rh5+ 63.f5 Kg7 64.Raa7 Bb3 65.Rc3 Rh6 66.
Rg3+ Kh7 67.Rxb3 axb3 68.Rxf7+ Kg8 69.Rb7 Rh3 70.Ke6 1-0

[Event "56th World U20 ch"]
[Site "Tarvisio ITA"]
[Date "2017.11.19"]
[Round "6.45"]
[White "Nikitenko, Mikhail"]
[Black "Pang Tao"]
[Result "1/2-1/2"]
[WhiteElo "2376"]
[BlackElo "2192"]
[EventDate "2017.11.13"]
[PlyCount "86"]

1.d4 d5 2.Nf3 Nf6 3.Bf4 e6 4.e3 c5 5.c3 Nc6 6.Nbd2 Bd6 7.Bg3 O-O 8.Bd3 Qe7
9.Ne5 Nd7 10.f4 Rd8 11.Nxd7 Bxd7 12.Qh5 g6 13.Qe2 f6 14.Nf3 Re8 15.Rd1 e5 
16.fxe5 fxe5 17.dxc5 Bxc5 18.e4 Bg4 19.Bc2 d4 20.h3 Bxf3 21.Qxf3 Kg7 22.
Qg4 h5 23.Qh4 Qc7 24.Bf2 Qa5 25.Bb3 dxc3 26.O-O Rad8 27.Kh2 Rxd1 28.Rxd1 
cxb2 29.Rb1 Bd4 30.Bxd4 exd4 31.Bd5 Ne7 32.Rxb2 Nxd5 33.Rxb7+ Nc7 34.Qf4 
Re7 35.Qd6 Kf7 36.e5 Qxe5+ 37.Qxe5 Rxe5 38.Rxc7+ Re7 39.Rc6 Rd7 40.Kg1 d3 
41.Rc1 Rd4 42.Kf2 Ra4 43.Rd1 Rxa2+ {... 59 moves} 1/2-1/2

[Event "56th World U20 ch"]
[Site "Tarvisio ITA"]
[Date "2017.11.19"]
[Round "6.46"]
[White "Gomez Sanchez, Jorge Marcos"]
[Black "Milosevic, Milos"]
[Result "1-0"]
[WhiteElo "2426"]
[BlackElo "2249"]
[EventDate "2017.11.13"]
[PlyCount "77"]

1.Nf3 Nf6 2.g3 g6 3.b3 Bg7 4.Bb2 O-O 5.Bg2 c5 6.c4 Nc6 7.O-O d6 8.d4 cxd4 
9.Nxd4 Bd7 10.Nc2 a6 11.Nc3 Rb8 12.a4 Na5 13.Ra3 Qb6 14.Qd3 Rfc8 15.Ba1 
Nc6 16.Qd2 Qa5 17.e4 Qh5 18.a5 Bh3 19.Bxh3 Qxh3 20.f4 h5 21.Ne3 e6 22.Qf2 
b6 23.axb6 Rxb6 24.e5 dxe5 25.fxe5 Nh7 26.Ne4 Rf8 27.Qe2 Nxe5 28.Nf2 Qxf1+
29.Nxf1 Ng5 30.Nd2 Rd8 31.Bxe5 Rxd2 32.Qe3 Bxe5 33.Qxg5 Bc3 34.Qe3 Bb4 35.
Ra4 Rdd6 36.c5 Bxc5 37.Qxc5 Rdc6 38.Qd4 Rxb3 39.Rc4 1-0

[Event "56th World U20 ch"]
[Site "Tarvisio ITA"]
[Date "2017.11.19"]
[Round "6.47"]
[White "Tuomainen, Felix"]
[Black "Huber, Martin Christian"]
[Result "1-0"]
[WhiteElo "2214"]
[BlackElo "2396"]
[EventDate "2017.11.13"]
[PlyCount "72"]

1.d4 Nf6 2.c4 e6 3.Nf3 b6 4.Nc3 Bb4 5.Bd2 Bb7 6.a3 Bxc3 7.Bxc3 Ne4 8.Rc1 
O-O 9.g3 Ng5 10.Bg2 Nxf3+ 11.exf3 d5 12.f4 Nc6 13.O-O Qd7 14.f5 Rad8 15.
fxe6 fxe6 16.cxd5 exd5 17.Re1 Rf6 18.Bd2 Rdf8 19.Be3 Na5 20.Qd3 Qf7 21.b3 
h6 22.Bf4 Nc6 23.b4 a6 24.Rc2 Bc8 25.Rd2 a5 26.Be3 Ne7 27.Qb3 c6 28.a4 b5 
29.axb5 cxb5 30.f4 a4 31.Qa2 Nc6 32.Rc2 Bf5 33.Rxc6 Rxc6 34.Bxd5 Rc4 35.
Bxf7+ Kxf7 36.d5 Rd8 {...} 1-0

[Event "56th World U20 ch"]
[Site "Tarvisio ITA"]
[Date "2017.11.19"]
[Round "6.48"]
[White "Saiyn, Zhanat"]
[Black "Pavic, Filip"]
[Result "1-0"]
[WhiteElo "2374"]
[BlackElo "2228"]
[EventDate "2017.11.13"]
[PlyCount "89"]

1.d4 Nf6 2.Nf3 e6 3.c4 b6 4.g3 Bb7 5.Bg2 Be7 6.O-O O-O 7.Nc3 Ne4 8.Bd2 Bf6
9.Qc2 Nxd2 10.Qxd2 d6 11.d5 e5 12.e4 a5 13.Qc2 Nd7 14.a3 g6 15.h4 Bg7 16.
Bh3 Nf6 17.Kg2 Nh5 18.b4 Bc8 19.Bxc8 Qxc8 20.Ne2 Nf4+ 21.Nxf4 exf4 22.Rac1
axb4 23.axb4 Ra3 24.Qd2 f5 25.Ng5 f3+ 26.Kh2 Bh6 27.Qb2 Bxg5 28.hxg5 fxe4 
29.Qxa3 Rf4 30.Rg1 Qg4 31.Rh1 Qxg5 32.Kg1 Rg4 33.Kf1 h5 34.Qe3 Qe5 35.Qc3 
Qg5 36.Ra1 Qd8 37.Ke1 Kf7 38.Kd2 e3+ 39.Qxe3 Rxc4 40.Rh4 Rxh4 41.gxh4 Qxh4
42.Qxf3+ Kg7 43.Ra3 Qd4+ 44.Kc2 Kh7 45.Rc3 1-0

[Event "56th World U20 ch"]
[Site "Tarvisio ITA"]
[Date "2017.11.19"]
[Round "6.49"]
[White "Tran Minh Thang"]
[Black "Tasdogen, Dincer"]
[Result "1/2-1/2"]
[WhiteElo "2361"]
[BlackElo "2235"]
[EventDate "2017.11.13"]
[PlyCount "56"]

1.d4 Nf6 2.c4 e6 3.Nc3 Bb4 4.e3 c5 5.Ne2 cxd4 6.exd4 O-O 7.a3 Be7 8.Nf4 d6
9.Be2 e5 10.Nfd5 Nxd5 11.Nxd5 Nc6 12.Be3 Bg5 13.O-O Be6 14.f4 exd4 15.Bxd4
Nxd4 16.Qxd4 Bxd5 17.fxg5 Bc6 18.h4 d5 19.c5 Re8 20.Bf3 Qd7 21.Rae1 Rad8 
22.Qf2 Qc7 23.Qd2 Re5 24.b4 Qe7 25.Qf4 Qc7 26.Kh2 Re7 27.Kg3 Qxf4+ 28.Kxf4
Kf8 {... 61 moves} 1/2-1/2

[Event "56th World U20 ch"]
[Site "Tarvisio ITA"]
[Date "2017.11.19"]
[Round "6.50"]
[White "Noboa Silva, Kevin"]
[Black "Taalaibekov, Tagir"]
[Result "0-1"]
[WhiteElo "2356"]
[BlackElo "2219"]
[EventDate "2017.11.13"]
[PlyCount "96"]

1.d4 e6 2.c4 Nf6 3.Nc3 Bb4 4.e3 O-O 5.Bd3 b6 6.Ne2 Bb7 7.O-O d5 8.cxd5 
exd5 9.Nf4 Bd6 10.Qf3 Bxf4 11.exf4 c5 12.Ne2 Nc6 13.Be3 Ne4 14.Rad1 Qe7 
15.Bb1 Rad8 16.f5 Rfe8 17.Ng3 Ba6 18.Bd3 cxd4 19.Bf4 Bxd3 20.Qxd3 Nc5 21.
Qf3 d3 22.Nh5 f6 23.Qg3 Kh8 24.Bd2 Qf7 25.Nf4 Nd4 26.Qh3 Ne2+ 27.Kh1 Nxf4 
28.Bxf4 Re2 29.b4 Ne4 30.Kg1 Rxa2 31.Qxd3 Qd7 32.f3 Ng5 33.Bxg5 fxg5 34.
Rfe1 h6 35.Re5 Qc6 36.f6 Qxf6 37.Rde1 Ra1 38.Rxa1 Qxe5 39.Rxa7 Qe1+ 40.Qf1
Qxb4 41.Qa1 d4 42.h3 Qc3 43.Qb1 d3 44.Qxb6 Qe1+ 45.Kh2 Qe5+ 46.Kg1 Rc8 47.
Qa5 Rc1+ 48.Kf2 Qd4+ 0-1

[Event "56th World U20 ch"]
[Site "Tarvisio ITA"]
[Date "2017.11.19"]
[Round "6.51"]
[White "Batsuren, Dambasuren"]
[Black "Sesar, Ivan"]
[Result "1-0"]
[WhiteElo "2352"]
[BlackElo "2207"]
[EventDate "2017.11.13"]
[PlyCount "67"]

1.d4 Nf6 2.c4 e6 3.Nc3 Bb4 4.a3 Bxc3+ 5.bxc3 c5 6.e3 Nc6 7.Bd3 d6 8.Ne2 
O-O 9.e4 e5 10.d5 Ne7 11.O-O Ng6 12.f3 Nh5 13.g3 Qd7 14.Kh1 Qh3 15.Qe1 Kh8
16.Bg5 h6 17.Be3 Nf6 18.Ra2 Nh7 19.Ng1 Qd7 20.f4 Qa4 21.f5 Ne7 22.g4 f6 
23.h4 b5 24.Nf3 Kg8 25.g5 fxg5 26.hxg5 Nxf5 27.exf5 Bxf5 28.Bxf5 Rxf5 29.
gxh6 Qxc4 30.Rg2 Raf8 31.Rxg7+ Kh8 32.Kg2 Qxd5 33.Qg3 Nf6 34.Rh7+ 1-0

[Event "56th World U20 ch"]
[Site "Tarvisio ITA"]
[Date "2017.11.19"]
[Round "6.52"]
[White "Li, Henry"]
[Black "Zarubitsky, Viachaslau"]
[Result "1/2-1/2"]
[WhiteElo "2168"]
[BlackElo "2344"]
[EventDate "2017.11.13"]
[PlyCount "112"]

1.e4 e5 2.Nf3 Nf6 3.Nxe5 d6 4.Nf3 Nxe4 5.Nc3 Nxc3 6.dxc3 Be7 7.Bf4 Nc6 8.
Qd2 Be6 9.O-O-O Qd7 10.Kb1 O-O-O 11.Nd4 Nxd4 12.cxd4 d5 13.Bd3 h6 14.Be5 
f6 15.Bg3 Bd6 16.Rhe1 Bxg3 17.hxg3 Rhe8 18.Re3 Bf7 19.Rde1 Rxe3 20.Rxe3 
Re8 21.Qe2 Kd8 22.Rxe8+ Bxe8 23.a3 Qe7 24.Qxe7+ Kxe7 25.Kc1 Bd7 26.Kd2 g5 
27.Ke3 Bg4 28.Be2 Bf5 29.Bd3 Ke6 30.c3 Bxd3 31.Kxd3 Kf5 32.f3 h5 33.Ke3 c6
34.a4 b6 35.b3 a6 36.b4 a5 37.bxa5 bxa5 38.Ke2 g4 39.f4 Ke6 40.Kf2 Kd6 41.
Ke2 c5 42.Kd2 cxd4 43.cxd4 Ke6 44.Ke2 Kf7 45.Kf2 Kg7 46.Ke2 Kg6 47.Kf2 Kf7
48.Ke2 Ke7 49.Kf2 Kd7 50.Ke2 Kc6 51.Kf2 Kb7 52.Ke2 Kc7 53.Kf2 Kd7 54.Ke2 
Ke6 55.Kf2 Kf5 56.Ke3 Kg6 1/2-1/2

[Event "56th World U20 ch"]
[Site "Tarvisio ITA"]
[Date "2017.11.19"]
[Round "6.53"]
[White "Villegas, Franco"]
[Black "Sezdbekov, Ruslan"]
[Result "1/2-1/2"]
[WhiteElo "2328"]
[BlackElo "2188"]
[EventDate "2017.11.13"]
[PlyCount "96"]

1.e4 e5 2.Nf3 Nc6 3.Bb5 a6 4.Ba4 Nf6 5.O-O Be7 6.Re1 b5 7.Bb3 O-O 8.c3 d5 
9.exd5 Nxd5 10.Nxe5 Nxe5 11.Rxe5 c6 12.d4 Bd6 13.Re1 Qh4 14.g3 Qh3 15.Bxd5
cxd5 16.Be3 Bg4 17.Qd3 f5 18.f4 Rae8 19.Nd2 g5 20.Qf1 Qh5 21.h3 Bxh3 22.
Qf3 Qf7 23.fxg5 Bg4 24.Qf2 Rxe3 25.Rxe3 f4 26.gxf4 Bxf4 27.Rf1 Qg7 28.Re5 
Bxe5 29.Qxf8+ Qxf8 30.Rxf8+ Kxf8 31.dxe5 Ke7 32.Kf2 Ke6 33.Kg3 Bd1 34.Kf4 
a5 35.Nf1 Bc2 36.Ng3 Bd3 37.Nh5 b4 38.a3 bxa3 39.bxa3 Bg6 40.Ng7+ Kd7 41.
Nf5 a4 42.Nd6 Bc2 43.Nf5 Bd3 44.Nd4 Bb1 45.Ke3 Bg6 46.Nf3 Ke6 47.Nh4 Bf7 
48.Ng2 Kf5 {... 76 moves} 1/2-1/2

[Event "56th World U20 ch"]
[Site "Tarvisio ITA"]
[Date "2017.11.19"]
[Round "6.54"]
[White "Timerkhanov, Alexander"]
[Black "Miciano, John Marvin"]
[Result "1-0"]
[WhiteElo "2312"]
[BlackElo "2151"]
[EventDate "2017.11.13"]
[PlyCount "77"]

1.d4 Nf6 2.Bg5 Ne4 3.Bf4 d5 4.f3 Nf6 5.e4 dxe4 6.Nc3 exf3 7.Nxf3 g6 8.Bc4 
Bg7 9.Qe2 O-O 10.O-O-O c6 11.Rhe1 b5 12.Bb3 e6 13.Bg5 h6 14.Bh4 g5 15.Bg3 
a5 16.a4 b4 17.Ne4 Nd5 18.h4 g4 19.Ne5 h5 20.Nc5 Qe8 21.Kb1 Na6 22.Ne4 Bd7
23.Qd3 f5 24.Ng5 Bc8 25.Nc4 Qg6 26.Rd2 Bh6 27.Ne5 Qe8 28.Rde2 Bxg5 29.hxg5
Nac7 30.Bc4 Ba6 31.Bxa6 Rxa6 32.Nc4 f4 33.Bh4 f3 34.Re4 fxg2 35.Qg3 Rf3 
36.Qxg2 c5 37.Nd2 Rf5 38.Bg3 Qxa4 39.Bxc7 1-0

[Event "56th World U20 ch"]
[Site "Tarvisio ITA"]
[Date "2017.11.19"]
[Round "6.55"]
[White "Chen, Richard"]
[Black "Fuentes Parra, Victor Ignacio"]
[Result "1-0"]
[WhiteElo "2309"]
[BlackElo "2087"]
[EventDate "2017.11.13"]
[PlyCount "151"]

1.e4 e6 2.d4 d5 3.Nd2 Nf6 4.e5 Nfd7 5.f4 c5 6.c3 Nc6 7.Ndf3 cxd4 8.cxd4 
Nb6 9.Bd3 Bd7 10.Ne2 g6 11.O-O Nb4 12.Bb1 Ba4 13.b3 Bb5 14.a3 Nc6 15.Rf2 
a5 16.g4 h5 17.gxh5 Rxh5 18.Ng3 Rh8 19.Ng5 Ne7 20.a4 Bd7 21.Bd2 Nf5 22.
Nxf5 gxf5 23.Bd3 Nc8 24.Rg2 Ne7 25.Be2 Bh6 26.Qe1 Bxg5 27.Rxg5 Qb6 28.Qf2 
Qxb3 29.Rg3 Rg8 30.Rxg8+ Nxg8 31.Bd1 Qb2 32.Rc1 Rc8 33.Rxc8+ Bxc8 34.Bxa5 
Qa1 35.Qd2 Bd7 36.Bc3 Qb1 37.Qc2 Qxc2 38.Bxc2 b6 39.Kf2 Ne7 40.Kg3 b5 41.
axb5 Bxb5 42.Kh4 f6 43.Bd1 Ng6+ 44.Kg3 fxe5 45.fxe5 Kf7 46.Bb4 Kg7 47.h4 
Nf8 48.Bxf8+ Kxf8 49.Kf4 Kf7 50.Kg5 Kg7 51.h5 Bd3 52.Ba4 f4 53.Kxf4 Kh6 
54.Be8 Bf5 55.Bc6 Bd3 56.Bd7 Bf5 57.Be8 Bh7 58.Kg4 Bf5+ 59.Kh4 Bh7 60.Bd7 
Bg8 61.Be8 Bh7 62.Kg4 Bf5+ 63.Kf4 Bd3 64.Ke3 Be4 65.Kd2 Bf3 66.Kc3 Bxh5 
67.Bxh5 Kxh5 68.Kb4 Kg6 69.Kc5 Kf5 70.Kd6 Ke4 71.Kxe6 Kxd4 72.Kd6 Kc4 73.
e6 d4 74.e7 d3 75.e8=Q d2 76.Qe2+ 1-0

[Event "56th World U20 ch"]
[Site "Tarvisio ITA"]
[Date "2017.11.19"]
[Round "6.56"]
[White "Bayramov, Elkhan"]
[Black "Sukovic, Andrej"]
[Result "1/2-1/2"]
[WhiteElo "2065"]
[BlackElo "2306"]
[EventDate "2017.11.13"]
[PlyCount "80"]

1.e4 c5 2.Nf3 d6 3.Nc3 Nf6 4.d4 cxd4 5.Nxd4 a6 6.Bc4 e6 7.Bb3 Be7 8.Be3 
Qc7 9.Qe2 Nc6 10.O-O-O O-O 11.Rhg1 b5 12.g4 Na5 13.g5 Nxb3+ 14.axb3 Nd7 
15.Nf5 Nc5 16.Nxe7+ Qxe7 17.Rg3 b4 18.Bxc5 dxc5 19.Na4 Bb7 20.Qc4 Rac8 21.
Nb6 Rcd8 22.Rxd8 Rxd8 23.Na4 Rd4 24.Qxc5 Qd8 25.Rd3 Rxd3 26.cxd3 Qxd3 27.
Qa7 Qd7 28.Nc5 Qc7 29.Kd2 Qd6+ 30.Ke3 Bc8 31.Nd3 h6 32.e5 Qc6 33.gxh6 Bb7 
34.hxg7 Kxg7 35.Kd2 Qd5 36.Qc5 a5 37.Qxd5 Bxd5 38.Kc2 Be4 39.Kd2 Bd5 40.
Nc5 Kg6 1/2-1/2

[Event "56th World U20 ch"]
[Site "Tarvisio ITA"]
[Date "2017.11.19"]
[Round "6.57"]
[White "Holtman, Teodor"]
[Black "Song Yuxin"]
[Result "1-0"]
[WhiteElo "2296"]
[BlackElo "1951"]
[EventDate "2017.11.13"]
[PlyCount "117"]

1.e4 c5 2.Nf3 d6 3.d4 cxd4 4.Nxd4 Nf6 5.Nc3 a6 6.h3 e5 7.Nde2 b5 8.g4 b4 
9.Nd5 Nxd5 10.exd5 h5 11.g5 Be7 12.Rg1 g6 13.Be3 a5 14.a3 Bb7 15.Qd2 Na6 
16.c4 Rc8 17.Ng3 Qd7 18.Ne4 Qf5 19.Ng3 Qd7 20.Ne4 Qf5 21.Qd3 a4 22.h4 bxa3
23.bxa3 Ra8 24.Rb1 Qd7 25.Bb6 Bc8 26.c5 Nxc5 27.Bxc5 dxc5 28.d6 Bd8 29.Qd5
O-O 30.Qxa8 Qf5 31.Bd3 Qf4 32.Qxa4 c4 33.Qxc4 Ba5+ 34.Kd1 Qh2 35.Ke2 Bg4+ 
36.Rxg4 hxg4 37.Nf6+ Kg7 38.Qxg4 e4 39.Qxe4 Rd8 40.Ne8+ Kf8 41.Qe7+ Kg8 
42.Bxg6 Qf4 43.Bxf7+ Qxf7 44.Nf6+ Kg7 45.Rb7 Qxe7+ 46.dxe7 Kg6 47.exd8=Q 
Bxd8 48.Kf3 Bxf6 49.Rb6 Kh5 50.Rxf6 Kxh4 51.g6 Kg5 52.g7 Kxf6 53.g8=Q Ke5 
54.Qg4 Kd5 55.Qe4+ Kd6 56.a4 Kc5 57.Qb7 Kd4 58.a5 Kd3 59.a6 1-0

[Event "56th World U20 ch"]
[Site "Tarvisio ITA"]
[Date "2017.11.19"]
[Round "6.58"]
[White "Nie Xinyang"]
[Black "Piyumantha, M. Sasith Nipun"]
[Result "1/2-1/2"]
[WhiteElo "2288"]
[BlackElo "2032"]
[EventDate "2017.11.13"]
[PlyCount "69"]

1.d4 Nf6 2.Nf3 e6 3.Bg5 h6 4.Bxf6 Qxf6 5.e4 d6 6.Nc3 Nd7 7.Qd2 Qd8 8.O-O-O
a6 9.Kb1 b5 10.d5 e5 11.Bd3 Be7 12.Ne2 Nc5 13.h3 Bd7 14.g4 a5 15.Rdg1 Bg5 
16.Qd1 Bh4 17.Nxh4 Qxh4 18.f4 exf4 19.Nxf4 O-O 20.Nh5 Rae8 21.Qf3 Re5 22.
Ng3 Rfe8 23.Rf1 R8e7 24.Qg2 b4 25.Rf4 a4 26.Qf2 Kh8 27.Rg1 Qg5 28.h4 Qg6 
29.g5 hxg5 30.h5 Qh6 31.Rxf7 Rxf7 32.Qxf7 Qf6 33.Rf1 Qxf7 34.Rxf7 Kg8 35.
Rf1 {... 41 moves} 1/2-1/2

[Event "56th World U20 ch"]
[Site "Tarvisio ITA"]
[Date "2017.11.19"]
[Round "6.59"]
[White "Tarini, Goyal"]
[Black "Harutiunian, Tigran"]
[Result "1/2-1/2"]
[WhiteElo "2062"]
[BlackElo "2508"]
[EventDate "2017.11.13"]
[PlyCount "138"]

1.d4 Nf6 2.c4 e6 3.Nc3 Bb4 4.e3 O-O 5.Bd3 c5 6.Nf3 cxd4 7.exd4 d5 8.O-O 
dxc4 9.Bxc4 b6 10.Bg5 Bb7 11.Qd3 Nbd7 12.a3 Bxc3 13.bxc3 Qc7 14.Nd2 Rac8 
15.Rac1 Qd6 16.f3 Nd5 17.Ne4 Qc7 18.Bb3 h6 19.Bh4 Nf4 20.Qe3 Ba6 21.c4 Ng6
22.Bg3 e5 23.dxe5 Ndxe5 24.f4 Ng4 25.Qf3 f5 26.h3 Bb7 27.c5+ Kh7 28.c6 
Bxc6 29.hxg4 fxe4 30.Qe3 Qe7 31.f5 Ne5 32.Be6 Nxg4 33.Qe2 Nf6 34.Bxc8 Rxc8
35.Bh4 Qxa3 36.Bxf6 gxf6 37.Qg4 Qe3+ 38.Kh1 Rg8 39.Qh5 Qg3 40.Rg1 Bd5 41.
Qh2 Qxh2+ 42.Kxh2 b5 43.Rc7+ Rg7 44.Rxg7+ Kxg7 45.Ra1 $11 h5 46.Kg3 Kh6 
47.Ra5 e3 48.Rxb5 h4+ 49.Kxh4 e2 50.Rb1 Bxg2 51.Re1 Bf1 52.Kg3 a6 53.Kg4 
Kg7 54.Kg3 Kh6 55.Kg4 a5 56.Kg3 a4 57.Kf2 Kg5 58.Ra1 e1=Q+ 59.Kxe1 Bb5 60.
Rc1 Bd7 61.Rc5 Kf4 62.Rc7 Be8 63.Rc8 Bb5 64.Rf8 Bc4 65.Rxf6 a3 66.Rc6 Bd5 
67.f6 a2 68.Ra6 Ke5 69.Kd2 Be6 1/2-1/2

[Event "56th World U20 ch"]
[Site "Tarvisio ITA"]
[Date "2017.11.19"]
[Round "6.60"]
[White "Schoppen, Casper"]
[Black "Pangilinan, Stephen Rome"]
[Result "1-0"]
[WhiteElo "2432"]
[BlackElo "2183"]
[EventDate "2017.11.13"]
[PlyCount "65"]

1.e4 c5 2.Nf3 g6 3.d4 cxd4 4.Nxd4 Bg7 5.c4 Nc6 6.Be3 Nf6 7.Nc3 O-O 8.Be2 
d6 9.O-O Bd7 10.h3 Nxd4 11.Bxd4 Bc6 12.Qc2 Nd7 13.Bxg7 Kxg7 14.Rad1 Qb6 
15.Nd5 Bxd5 16.exd5 f5 17.Rfe1 Rac8 18.Qc3+ Rf6 19.Bf1 Ne5 20.b4 f4 21.c5 
Qd8 22.Qd4 g5 23.Rxe5 dxe5 24.Qxe5 Kh6 25.d6 exd6 26.cxd6 Rc6 27.d7 Rce6 
28.Qd5 b6 29.Bb5 f3 30.gxf3 Kg6 31.Rc1 Rd6 32.Qe4+ Kg7 33.Rc8 1-0

[Event "56th World U20 ch"]
[Site "Tarvisio ITA"]
[Date "2017.11.19"]
[Round "6.62"]
[White "Lindholm, Jere"]
[Black "Sadhwani, Raunak"]
[Result "0-1"]
[WhiteElo "2064"]
[BlackElo "2339"]
[EventDate "2017.11.13"]
[PlyCount "48"]

1.e4 c5 2.Nf3 d6 3.d4 cxd4 4.Nxd4 Nf6 5.Nc3 a6 6.h3 e5 7.Nde2 h5 8.Be3 Be6
9.Qd2 Nbd7 10.f4 g6 11.O-O-O Rc8 12.g3 b5 13.Bg2 b4 14.Na4 Bxa2 15.Qxb4 
Bc4 16.Nec3 d5 17.Qb7 Rc7 18.Bb6 Rxb7 19.Bxd8 Kxd8 20.fxe5 Nxe5 21.b3 Bb5 
22.Nxb5 axb5 23.Nc3 b4 24.Nxd5 Nfd7 0-1

[Event "56th World U20 ch"]
[Site "Tarvisio ITA"]
[Date "2017.11.19"]
[Round "6.63"]
[White "Ioannidis, Evgenios"]
[Black "Thilakarathne, G. M. H."]
[Result "1-0"]
[WhiteElo "2302"]
[BlackElo "2141"]
[EventDate "2017.11.13"]
[PlyCount "83"]

1.d4 Nf6 2.c4 e6 3.Nc3 Bb4 4.e3 O-O 5.Bd3 d5 6.Nf3 c5 7.O-O cxd4 8.exd4 
dxc4 9.Bxc4 b6 10.Qe2 Bb7 11.Rd1 Nbd7 12.d5 e5 13.Bg5 Bxc3 14.bxc3 e4 15.
Nd4 Qc7 16.Nb5 Qe5 17.Qd2 Nc5 18.Bf4 Qh5 19.Bd6 Rfd8 20.Be7 Rd7 21.d6 Ng4 
22.h3 Ne5 23.Bd5 Ned3 24.Bxb7 Nxb7 25.c4 a6 26.Nc7 Rc8 27.Nd5 Rc6 28.Qe3 
Ndc5 29.Nb4 Rc8 30.Rd5 Qg6 31.Rg5 Qh6 32.Nd5 Rxd6 33.Bxd6 Qxd6 34.Rb1 b5 
35.cxb5 axb5 36.Qc3 Qh6 37.Ne7+ Kf8 38.Nxc8 Qxg5 39.Rxb5 Qd5 40.Qb4 Ke8 
41.Rxb7 Qc6 42.Qb5 1-0

[Event "56th World U20 ch"]
[Site "Tarvisio ITA"]
[Date "2017.11.19"]
[Round "6.64"]
[White "Favaloro, Andrea"]
[Black "Bischofberger, Dario"]
[Result "1-0"]
[WhiteElo "2260"]
[BlackElo "2108"]
[EventDate "2017.11.13"]
[PlyCount "163"]

1.e4 e6 2.d4 d5 3.Nd2 c5 4.exd5 exd5 5.Ngf3 Nc6 6.Bb5 Qe7+ 7.Be2 Qc7 8.O-O
Nf6 9.Re1 cxd4 10.Nb3 Be7 11.Nbxd4 O-O 12.h3 a6 13.c3 Re8 14.Bd3 h6 15.Be3
Bd7 16.Qd2 Ne4 17.Qc2 Bf6 18.Rad1 Rad8 19.Nxc6 Bxc6 20.Bd4 Qf4 21.Bxf6 
Nxf6 22.Nd4 Bd7 23.Qc1 Qxc1 24.Rxc1 g6 25.Bc2 b6 26.Bd3 a5 27.Kf1 Kf8 28.
Rxe8+ Nxe8 29.Rd1 Nc7 30.Be2 Ba4 31.Rd2 Rd6 32.Bf3 Ke7 33.Bg4 Be8 34.Nc2 
Bb5+ 35.Be2 Bxe2+ 36.Rxe2+ Kd7 37.Nd4 b5 38.Nb3 Ne6 39.Nxa5 Ra6 40.b4 Ra7 
41.Rd2 Kd6 42.c4 bxc4 43.Nxc4+ Kc6 44.Na5+ Kd6 45.Rc2 Nd4 46.Rc3 h5 47.Ke1
g5 48.Kd2 g4 49.hxg4 hxg4 50.a4 f5 51.Ke3 Ne6 52.Rc6+ Kd7 53.Rb6 Ra8 54.
Rb7+ Kd6 $11 55.Rf7 Ke5 56.Rd7 f4+ 57.Kd2 Nc5 58.Re7+ Kd6 59.Rf7 Nxa4 60.
Rxf4 Rg8 61.g3 Ke5 62.Nc6+ Ke6 63.Nd4+ Kd6 64.Nc2 Nb6 65.Ne3 Nd7 66.Nxg4 
Ra8 67.Ne3 Ra2+ 68.Kc3 Ra1 69.Rf5 Rc1+ 70.Kd2 Rb1 71.Rxd5+ Ke6 72.Rd4 Rb2+
73.Ke1 Nf6 74.Kf1 Ra2 75.Kg2 Ke5 76.Rf4 Ra1 77.Rf5+ Ke6 78.Kf3 Ra2 79.g4 
Nd7 80.Rb5 Rb2 81.g5 Ne5+ 82.Rxe5+ 1-0

[Event "56th World U20 ch"]
[Site "Tarvisio ITA"]
[Date "2017.11.19"]
[Round "6.65"]
[White "De Block, Yordi"]
[Black "Chinguun, Bayaraa"]
[Result "0-1"]
[WhiteElo "2119"]
[BlackElo "1820"]
[EventDate "2017.11.13"]
[PlyCount "154"]

1.d4 Nf6 2.Bf4 g6 3.e3 d5 4.Nf3 Bg7 5.c4 c6 6.Nc3 Bg4 7.h3 Bxf3 8.Qxf3 O-O
9.Bd3 dxc4 10.Bxc4 Nbd7 11.O-O Nb6 12.Bb3 Nfd5 13.Bh2 Rc8 14.Rac1 Nxc3 15.
bxc3 e6 16.Qe2 Qe7 17.c4 Nd7 18.Rfd1 Rfd8 19.c5 e5 20.Qc4 b6 21.cxb6 Nxb6 
22.Qc5 Qxc5 23.dxc5 Nd5 24.e4 Nf4 25.Kf1 Bf8 26.f3 Nd3 27.Rc3 Nxc5 28.Bc2 
Rxd1+ 29.Bxd1 Bd6 30.Bg1 Ne6 31.Bxa7 Ra8 32.Be3 c5 33.Bb3 Nd4 34.Bd5 Ra6 
35.Kf2 Kf8 36.Bc4 Ra8 37.Rc1 Rb8 38.Bxd4 cxd4 39.Bb3 Ke7 40.Ke2 f6 41.Kd3 
Kd7 42.h4 f5 43.h5 Ke7 44.hxg6 hxg6 45.Rh1 Rc8 46.Bc4 fxe4+ 47.fxe4 Kf6 
48.a4 Ra8 49.Ra1 Bb4 50.Rf1+ Kg5 51.Bb5 Rc8 52.Rb1 Rc3+ 53.Ke2 Ba5 54.Bd3 
Ra3 55.Rb5 Rxa4 56.Rxe5+ Kf4 57.Rc5 Ra1 58.Kf2 Be1+ 59.Ke2 Bc3 60.Bc2 Re1+
61.Kf2 Re3 62.Rc7 Be1+ 63.Kf1 Bg3 64.Rf7+ Ke5 65.Kg1 d3 66.Ba4 Re1+ 67.Rf1
d2 68.Bc2 g5 69.Bd1 Kxe4 70.Ba4 Ke3 71.Bc2 Bf2+ 72.Kh2 Rxf1 73.g4 d1=R 74.
Bxd1 Rxd1 75.Kh3 Kf3 76.Kh2 Bg3+ 77.Kh3 Rh1# 0-1

[Event "56th World U20 ch"]
[Site "Tarvisio ITA"]
[Date "2017.11.19"]
[Round "6.66"]
[White "Zenari, Marco"]
[Black "Lamard, Guillaume"]
[Result "0-1"]
[WhiteElo "1997"]
[BlackElo "2376"]
[EventDate "2017.11.13"]
[PlyCount "48"]

1.e4 Nc6 2.Nf3 d6 3.d4 Nf6 4.Nc3 Bg4 5.Be2 e5 6.d5 Nb8 7.h3 Bc8 8.g4 g6 9.
Be3 h5 10.g5 Nfd7 11.Qd2 Bg7 12.O-O-O a6 13.Ne1 b5 14.Nd3 Bb7 15.Rhe1 O-O 
16.Rg1 Nb6 17.Bxb6 cxb6 18.f4 exf4 19.e5 dxe5 20.Ne4 Qxd5 21.Bf3 Qxa2 22.
Qe2 Bxe4 23.Qxe4 Ra7 24.b3 Rc7 0-1